Statistiques concernant Prénoms de stars - Série 03

Cliquez ici pour prendre le quiz!

Statistiques générales

  • Ce quiz a été pris 256 fois
  • Le résultat moyen est 6 sur 10

Statistiques - réponses

NomPrénom% Correct
BalaskoJosiane
97%
AdjaniIsabelle
95%
SignoretSimone
84%
de TurckheimCharlotte
81%
JobertMarlène
70%
FosseyBrigitte
59%
MorganMichèle
51%
AiméeAnouk
41%
DuboisMarie
29%
DemazisOrane
19%

Distribution des résultats

Percentile par nombre de réponses

% des personnes avec chaque résultat

Votre développement - résultats

Vous n’avez pas pris ce quiz